Κατάλογος Βιβλιοθηκών Mediterranean College

The Mind and Work of Paul Klee (Record no. 1963)

MARC details
000 -LEADER
fixed length control field 01010cam a22001934a 4500
005 - ΗΜΕΡΟΜΗΝΙΑ ΚΑΙ ΩΡΑ ΤΕΛΕΥΤΑΙΑΣ ΕΝΗΜΕΡΩΣΗΣ
Πεδίο ελέγχου 20250605164024.0
008 - FIXED-LENGTH DATA ELEMENTS--GENERAL INFORMATION
Πεδίο ελέγχου σταθερού μήκους 250528s ||||||||||||||||||||||||d
035 ## - SYSTEM CONTROL NUMBER
System control number 16465
040 ## - ΠΗΓΗ ΚΑΤΑΛΟΓΟΓΡΑΦΗΣΗΣ
Φορέας πρωτότυπης καταλογογράφησης MC Athens Campus Library
Γλώσσα καταλογογράφησης Ελληνικά, Μοντέρνα (1453-)
Modifying agency MC Athens Campus Library
Κανόνες περιγραφικής καταλογογράφησης AACR2
245 1# - ΤΙΤΛΟΣ ΚΑΙ ΔΗΛΩΣΗ ΥΠΕΥΘΥΝΟΤΗΤΑΣ
Τίτλος The Mind and Work of Paul Klee
260 ## - PUBLICATION, DISTRIBUTION, ETC.
Name of publisher, distributor, etc. Faber And Faber,
Date of publication, distribution, etc. 1967
300 ## - PHYSICAL DESCRIPTION
Extent 216
505 0# - FORMATTED CONTENTS NOTE
Formatted contents note Introduction, Early Years, Years of Apprenticeship, The European Phalanx, The Gift of Colour, The Master at the Bauhaus, The Pedagogical Sketchboard, Ways of Studying Nature, A Picture is Born, The Heart of a Picture, The Handling pf Form, Towards the Angels, Bibliography, Index.
520 ## - SUMMARY, ETC.
Summary, etc. Introduction, Early Years, Years of Apprenticeship, The European Phalanx, The Gift of Colour, The Master at the Bauhaus, The Pedagogical Sketchboard, Ways of Studying Nature, A Picture is Born, The Heart of a Picture, The Handling pf Form, Towards the Angels, Bibliography, Index.
700 1# - ΠΡΟΣΘΕΤΗ ΑΝΑΓΡΑΦΗ--ΦΥΣΙΚΟ ΠΡΟΣΩΠΟ
Personal name Haftmann Werner
9 (RLIN) 2562
942 ## - ADDED ENTRY ELEMENTS (KOHA)
Koha item type Books
Holdings
Τύπος τεκμηρίου Βιβλιοθήκη Τρέχουσα τοποθεσία Barcode Αριθμός εισαγωγής Ημερομηνία απόκτησης Ταξιθετικό σύμβολο Αριθμός αντιτύπου Κατάσταση απόσυρσης Κατάσταση χαμένου Κατάσταση κατεστραμμένου Μη δανεισμός Σύνολο δανεισμών Ημερομηνία τελευταίας εμφάνισης Η τιμή ισχύει από
Books MC Athens Campus Library MC Athens Campus Library 9780000019622 4169 05/06/2025 760/.092 HAF 1           05/06/2025 05/06/2025

MC Athens Campus Library
Πατησίων 94 & Κοδριγκτώνος 13, 104 34
Πελλήνης 8 & Πατησίων 107, 112 51
Τ: +30 210 8899600

MC Thessaloniki Campus Library
Ίωνος Δραγούμη 21, 54625 | Ίωνος Δραγούμη 15, 54625
Τ: +30 2310 287779 – Τ: +30 2314 440300